Statistics for US Cities 200k+ people & a V in the name (with clues)

Click here to take the quiz!

General Stats

  • This quiz has been taken 30 times
  • The average score is 9 of 14

Answer Stats

PopulationStateAnswer% Correct
642NVLas Vegas
96%
386OHCleveland
93%
892FLJacksonville
93%
668TNNashville
93%
705CODenver
85%
621KYLouisville
85%
450VAVirginia Beach
81%
243NVNorth Las Vegas
70%
270CAChula Vista
44%
210NCFayetteville
44%
328CARiverside
44%
277CAIrvine
41%
240TXIrving
37%
207CAMoreno Valley
26%

Score Distribution

Percentile by Number Answered

Percent of People with Each Score

Your Score History

You have not taken this quiz